Estadísticas para Signos del zodiaco en 15 segundos

Haz click aquí para intentar la prueba.

Estadísticas generales

  • Esta prueba ha sido intentada 105 veces
  • La puntuación promedio es 7 de 12

Estadísticas de respuestas

Signo% Correcto
Libra
78%
Tauro
67%
Cáncer
65%
Géminis
63%
Piscis
63%
Leo
61%
Sagitario
61%
Escorpio
54%
Aries
52%
Capricornio
50%
Virgo
46%
Acuario
43%

Distribución de puntuación

Porcentaje por número respondido

Porcentaje de gente con cada puntuación

Historial de tus puntuaciones

No has intentado esta prueba.